000 00827nam a2200193 a 4500
001 000036711
005 20200930075905.0
008 120125s1997 es a 000 0 spa d
020 _a8478203648
040 _aDO-SdBNP
_bspa
_cBNPHU
100 _aNebra, José de
_c1702-1768.
_963011
245 1 0 _aPara obsequio a la deydad :
_bnunca es culto la crueldad :y Iphigenia en Tracia /
_cJosé de Nebra ; texto de Nicolás González Martínez ; estudio y transcripción María Salud Álvarez Martínez.
260 _aZaragoza :
_bInstitución Fernando el Católico,
_c1997.
300 _a1 partitura (383 p.) ;
_c32 cm.
490 1 _aObra selecta.
_aMúsica escénica ;
_v2
700 1 2 _aÁlvarez Martínez, María Salud
_963012
700 1 2 _aGonzález Martínez, Nicolás
_963013
830 0 _aObra selecta.
_pMúsica escénica
_v2
_963014
999 _c36202
_d36202